000 00443nam a2200133Ia 4500
003 GCL
008 140319s9999 xx 000 0 ara d
040 _aGCL /
_cGCL
082 0 4 _a362.042
_bح م
100 1 _aحسين عبدالحميد احمد رشوان
245 1 0 _aمشاكل وقضايا معاصرة /
_cحسين عبدالحميد احمد رشوان
300 _a201 ص
490 _aالهيئة العامة للاستعلامات
_v0
999 _c49286
_d49286